00986nam a22002537a 4500003000500000005001700005008004100022010001000063011001000073035001100083040000900094100003500103245017700138260004000315300004400355502008700399530003600486650003100522650002700553650004500580650001500625700002800640856006400668CHAP20220329143336.0081008s2008 mx r 00010 spa d a95222 a96194 a106841 cCHAP1 aHernández Herrera, Yessenia.10aEvaluación de una plantación forestal sobre suelos de tepetate en Tlacaluca, Tepetlaoxtoc, Estado de Méxicoc/por Yessenia Hernández Herrera y Gener Damián Kuk Uc aChapingo, Méx. :bEl autor,c2008 aix, 93 h. :bcuadros ; gráfs. ; mapas aTesis (Ing. en Restauración Forestal) -- UACH. División de Ciencias Forestales aTambién disponible en línea14aPlantación de árboles.14aPlantación forestal.14aSuelosxClasificaciónxMéxico (Edo.)14aTepetates.1 aKuk Uc, Gener Damián. 3Finding aiduhttp://10.13.5.2/tesis/106841.pdfzTeclea aqui